| 000 | 00821nam a2200229 a 4500 | ||
|---|---|---|---|
| 999 |
_c938 _d938 |
||
| 005 | 20191224041548.0 | ||
| 008 | 140224b1983 ck ||||| |||| 00| 0 spa d | ||
| 040 |
_aCO-BoIAVH _cCO-BoIAVH |
||
| 041 | _aspa | ||
| 044 | _ack | ||
| 090 |
_aIND-I _b26 |
||
| 100 | _aHernández Camacho, Jorge Ignacio | ||
| 245 | 1 | _aEvaluación de poblaciones de chigüiro (Hydrochaeris hydrochaeris) en los hatos: Brasilia, Guamito, La Aurora, La Borra, El Danubio, La Veremos y Mapurisa, municipio de Hato Corozal | |
| 260 |
_aBogotá _bINDERENA _c1983 |
||
| 300 | _a48 páginas | ||
| 650 | 1 | 4 | _aEcología de poblaciones |
| 650 | 1 | 4 | _aValoración económica |
| 662 |
_aColombia _bCasanare |
||
| 700 | _aRodríguez Mahecha, José Vicente | ||
| 700 | _aPachón Rivera, Jesús Ernesto | ||
| 942 |
_cINFORME _2z |
||